It looks like you're offline.
Open Library logo
additional options menu

MARC record from Internet Archive

LEADER: 02370cam a2200493 a 4500
001 460060917
003 OCoLC
005 20151005080329.0
008 091123s2010 ilua 000 0aeng
010 $a2009048958
020 $a9780830836307
020 $a0830836306
035 $a460060917
035 $a(OCoLC)460060917
040 $aDLC$cDLC$dYDX$dYDXCP$dSFR$dUtOrBLW
043 $an-us---$an-us-co
049 $aSFRA
050 00 $aBR1725.F5493$bA3 2010
082 00 $a277.3/083092$aB$222
092 $a277.3083$bF815w
100 1 $aFoster, Nathan.
245 10 $aWisdom chaser :$bfinding my father at 14,000 feet /$cNathan Foster ; afterword by Richard J. Foster.
260 $aDowners Grove, Ill. :$bIVP Books,$cc2010.
300 $a183 p. :$bill. ;$c21 cm
336 $atext$btxt$2rdacontent
337 $aunmediated$bn$2rdamedia
338 $avolume$bnc$2rdacarrier
505 0 $aIt never hurts to ask -- The beating on Mount Elbert -- The quandary of dreaming -- Finding my pace on Mount Quandary -- Time : love's allegory -- Freedom to fail -- A much-loved nothing -- Humility is for losers -- On false summits -- Freedom to question -- How do you celebrate discipline? -- Living in the moment on Longs Peak -- Sometimes the dragons win -- Accepting things I cannot change -- Rising and falling to assumptions -- What's in a name? (the tale of Skippy and Pete) -- Choices on the Continental Divide -- Electric air on Holy Cross -- Beauty beyond imagination -- Walking each other home -- Afterword: Lessons from the final fourteener.
600 10 $aFoster, Nathan.
600 10 $aFoster, Richard J.
650 0 $aChristian biography$zUnited States.
650 0 $aFathers and sons$xReligious aspects$xChristianity.
650 0 $aMountaineering$zColorado.
650 0 $aFourteeners (Mountains)$zColorado.
907 $a.b23327200$b11-14-18$c05-05-10
998 $axgc$b07-15-10$cm$da $e-$feng$gilu$h0$i0
957 00 $aOCLC reclamation of 2017-18
907 $a.b23327200$b11-21-12$c05-05-10
956 $aPre-reclamation 001 value: ocn460060917
980 $a0710 KL
998 $axgc$b07-15-10$cm$da$e-$feng$gilu$h0$i0
994 $aC0$bSFR
999 $yMARS
945 $a277.3083$bF815w$d - - $e10-06-2012 17:40$f0$g0$h11-07-12$i31223083938960$j241$0503$k - - $lxgcci$o-$p$16.00$q-$r-$s- $t1$u1$v0$w0$x0$y.i61104267$z08-04-10